| 000 | 01298cam a22003855a 4500 | ||
|---|---|---|---|
| 001 | 016874529 | ||
| 003 | Uk | ||
| 005 | 20160810103015.0 | ||
| 008 | 150825s2015 enka frd 001|0|eng|d | ||
| 015 |
_aGBB5E2718 _2bnb |
||
| 016 | 7 |
_a016874529 _2Uk |
|
| 020 | _a9781292056517 | ||
| 020 | _a1292056517 | ||
| 040 |
_aStDuBDS _beng _cStDuBDS _dEG-ScBUE |
||
| 042 | _aukblsr | ||
| 082 | 0 | 4 |
_222 _a657 _bNOB |
| 100 | 1 |
_aMiller-Nobles, Tracie L. _940701 |
|
| 245 | 1 | 0 |
_aHorngren's accounting / _cTracie Nobles, Brenda Mattison, Ella Mae Matsumura. |
| 246 | 3 | 0 | _aAccounting |
| 250 | _a10th ed., global ed. | ||
| 260 |
_aHarlow, Essex : _bPearson Education Limited, _cc.2015. |
||
| 300 |
_a1798 p. : _bcol. ill. ; _c28 cm. |
||
| 500 | _aIndex : p. 1781-1798. | ||
| 500 | _aGlossary : p. 1771-1779. | ||
| 650 | 7 |
_aAccounting _2BUEsh _920832 _xProblems, exercises, etc. |
|
| 650 | 7 |
_aManagerial accounting _940704 _vProblems, exercises, etc. |
|
| 651 | _2BUEsh | ||
| 653 |
_bBUSADM _cAugust 2016 |
||
| 690 | 7 |
_aManagement and Business Studies _2blcoll |
|
| 700 | 1 |
_aMattison, Brenda, _940703 |
|
| 700 | 1 |
_aMatsumura, Ella Mae, _d1952- _940702 |
|
| 700 | 1 |
_aHorngren, Charles T., _d1926- _tAccounting. _912381 |
|
| 942 |
_2ddc _e22 _k657 NOB |
||
| 999 |
_c22148 _d22120 |
||